| 000 -ლიდერი |
| ფიქსირებული სიგრძის საკონტროლო ველი |
00997nam a22002537a 4500 |
| 003 - საკონტროლო ნომრის იდენტიფიკატორი |
| საკონტროლო ველი |
GE_BSU |
| 005 - ბოლო ოპერაციის თარიღი და დრო |
| საკონტროლო ველი |
20190421015953.0 |
| 008 - ფიქსირებული სიგრძის მონაცემთა ელემენტები - ზოგადი ინფორმაცია |
| ფიქსირებული სიგრძის საკონტროლო ველი |
190410s2005 ge ||||| |||| 00| 0 geo d |
| 020 ## - წიგნის საერთაშორისო სტანდარტული ნომერი |
| International Standard Book Number |
9994078658 |
| 041 ## - ენის კოდი |
| Language code of text/sound track or separate title |
geo |
| 080 ## - უნივერსალური ათობითი კლასიფიკაციის ინდექსი |
| Universal Decimal Classification number |
348 ჩ-59 |
| 100 ## - მთავარი ჩანაწერი - პიროვნების სახელი |
| Personal name |
ჩიკვაიძე, დავით |
| 9 (RLIN) |
123 |
| 245 ## - ცნობა სათაურის შესახებ |
| Title |
საეკლესიო სამართლის საკითხები : |
| Remainder of title |
წ.1 / |
| Statement of responsibility, etc |
დავით ჩიკვაიძე ; თსუ ; საეკლესიო სამართლის კვლევითი ცენტრი. |
| 250 ## - გამოცემის ცნობა |
| Edition statement |
|
| 264 ## - წარმოების, გამოცემის, დისტრიბუციის და სხვა ცნობები |
| გამოცემის, წარმოების, დისტრიბუციის... ადგილი |
თბილისი : |
| გამოცემის, წარმოების, დისტრიბუციის... სახელწოდება |
ბონა კაუზა, |
| გამოცემის, წარმოების, დისტრიბუციის... თარიღი |
2005. |
| 300 ## - ფიზიკური აღწერა |
| Extent |
150 გვ. ; |
| Dimensions |
21 სმ. |
| 505 ## - FORMATTED CONTENTS NOTE |
| Miscellaneous information |
|
| 505 ## - FORMATTED CONTENTS NOTE |
| Miscellaneous information |
|
| 653 ## - INDEX TERM--UNCONTROLLED |
| Uncontrolled term |
საეკლესიო სამართალი |
| 653 ## - INDEX TERM--UNCONTROLLED |
| Uncontrolled term |
ეკლესია |
| 710 ## - ADDED ENTRY--CORPORATE NAME |
| Corporate name or jurisdiction name as entry element |
თსუ |
| 9 (RLIN) |
155 |
| 710 ## - ADDED ENTRY--CORPORATE NAME |
| Corporate name or jurisdiction name as entry element |
საეკლესიო სამართლის ცენტრი. |
| 9 (RLIN) |
157 |
| 942 ## - ADDED ENTRY ELEMENTS (KOHA) |
| Source of classification or shelving scheme |
|
| Koha item type |
წიგნი |